000 00594nam a2200205Ia 4500
003 OSt
005 20250227095241.0
008 210210b1991 xxu||||| |||| 00| 0 eng d
040 _cAL
041 _aKannada
082 _aK894.9 SEDT
100 _aSEDIYAPU KRASHNABHATTA.
_dಸೇಡಿಯಾಪು ಕೃಷ್ಣಭಟ್ಟ
_9202718
245 _aTathyadarshana.
_bತಥ್ಯದರ್ಶನ
260 _aManipala
_bSahitya Akademi
_c1991
300 _aviii,108
650 _aArya Varna Jati Linga
_9202719
690 _aKannada Criticism
_9202720
906 _a046552
942 _2ddc
_cBK
999 _c95719
_d95719